Every Oasis song - Statistics

General Stats
  • This quiz has been taken 164 times
  • The average score is 37 of 111
Answer Stats
Hint Answer % Correct
(Whats the story) Morning glory Wonderwall
91%
(Whats the story) Morning glory Don't look back in anger
86%
Definitley Maybe Live Forever
84%
Definitley Maybe Supersonic
84%
(Whats the story) Morning glory Morning Glory
82%
(Whats the story) Morning glory Champagne Super nova
81%
Definitley Maybe Cigarettes and alcohol
79%
Definitley Maybe Rocknroll star
79%
Definitley Maybe Slide Away
79%
Definitley Maybe Married with children
73%
(Whats the story) Morning glory Roll with it
70%
(Whats the story) Morning glory Remastered The Masterplan
69%
(Whats the story) Morning glory Hello
68%
(Whats the story) Morning glory Shes Electric
66%
Definitley Maybe Digsys dinner
64%
Definitley Maybe Shakermaker
64%
(Whats the story) Morning glory Remastered Acquiesce
63%
Be Here Now Stand by me
63%
Definitley Maybe Columbia
62%
Definitley Maybe Deluxe Whatever
59%
Heathen Chemistry Stop crying your heart out
58%
Be Here Now Be here now
57%
Definitley Maybe Deluxe Half the world away
57%
(Whats the story) Morning glory Some might say
56%
(Whats the story) Morning glory Cast no shadow
54%
Be Here Now All around the world
52%
Don't Believe the truth Lyla
52%
Definitley Maybe Up in the sky
51%
Definitley Maybe Bring it on down
48%
Heathen Chemistry Little by Little
48%
(Whats the story) Morning glory The swamp song
46%
Be Here Now D'You know what I mean
45%
(Whats the story) Morning glory Hey now
45%
Be Here Now Don't Go away
44%
Standing on the shoulder of giants Fuckin In the bushes
43%
(Whats the story) Morning glory Remastered Talk Tonight
43%
Heathen Chemistry The hindu times
42%
Don't Believe the truth The importance of being idle
42%
Heathen Chemistry Songbird
40%
Definitley Maybe Deluxe Fade Away
38%
Standing on the shoulder of giants Gas Panic
38%
Standing on the shoulder of giants Go let it out
37%
(Whats the story) Morning glory Remastered Boneheads Bank Holiday
34%
Definitley Maybe Deluxe Listen Up
34%
Be Here Now Magic pie
34%
Definitley Maybe Deluxe Sad song
34%
Definitley Maybe Deluxe I am the walrus
33%
Be Here Now The girl in the dirty shirt
32%
Be Here Now My Big mouth
31%
(Whats the story) Morning glory Remastered Rockin Chair
30%
Definitley Maybe Deluxe D'Yer wanna be a spaceman
29%
(Whats the story) Morning glory Remastered Headshrinker
29%
Standing on the shoulder of giants Little James
29%
Definitley Maybe Deluxe Cloudburst
27%
Be Here Now I hope I think I know
27%
Don't Believe the truth Let there be love
27%
(Whats the story) Morning glory Remastered Cum on feel the noize
26%
Be Here Now Fade in-out
25%
Dig out your soul Im outta time
23%
Definitley Maybe Deluxe Take me away
23%
Dig out your soul The shock of the lightning
23%
(Whats the story) Morning glory Remastered Round are way
22%
Standing on the shoulder of giants Sunday Morning call
22%
(Whats the story) Morning glory Remastered Underneath the sky
22%
Standing on the shoulder of giants Where did it all go wrong
22%
Time flies Who feels love
22%
Definitley Maybe Deluxe Alive
21%
The Masterplan Going nowhere
20%
Be Here Now Its gettin better (Man)
20%
Standing on the shoulder of giants Roll it over
20%
The Masterplan Stay Young
20%
Dig out your soul Bag it up
19%
(Whats the story) Morning glory Remastered Step Out
19%
Heathen Chemistry Better Man
17%
Be Here Now Remastered Flashbax
17%
Heathen Chemistry Force of Nature
16%
Don't Believe the truth Guess god thinks im abel
16%
Definitley Maybe Deluxe I will believe
16%
Don't Believe the truth Mucky Fingers
16%
Heathen Chemistry She is Love
16%
Don't Believe the truth Turn up the sun
16%
Dig out your soul Falling down
15%
Dig out your soul Waiting for the rapture
15%
Standing on the shoulder of giants I can see a liar
14%
(Whats the story) Morning glory Remastered Its better people
12%
Don't Believe the truth part of the queue
12%
Be Here Now Remastered The fame
12%
Definitley Maybe Deluxe To be free
12%
Heathen Chemistry Born on a different cloud
11%
Be Here Now Remastered My sister lover
11%
Time flies Lord don't slow me down
10%
Dig out your soul Soldier on
10%
Heathen Chemistry A quick peep
9%
Dig out your soul (Get off your) High horse lady
9%
Heathen Chemistry Hung in a bad place
9%
Don't Believe the truth Love like a bomb
9%
Don't Believe the truth The meaning of soul
9%
Dig out your soul The nature of reality
9%
Dig out your soul The turning
9%
(Whats the story) Morning glory Remastered Youve got to hide your love away
8%
Don't Believe the truth A bell will ring
7%
Don't Believe the truth Keep the dream alive
7%
Be Here Now Remastered The fever
7%
Dig out your soul Ain't got nothin
6%
Be Here Now Remastered Help!
6%
Be Here Now Remastered If we shadows
6%
Definitley Maybe Deluxe Strange thing
5%
Dig out your soul To be where theres life
5%
Be Here Now Remastered Setting Sun
4%
Heathen Chemistry (probably) All in my mind
3%
Standing on the shoulder of giants Put yer money where yer mouh is
0%
No matching quizzes found
Score Distribution
Percent of People with Each Score
Percentile by Number Answered
Your Score History
You have not taken this quiz